Sports Quiz

Random Sports or Baseball Quiz

Actice MLB Pitchers by Rookie Card Quiz Stats

 Plays Quiz not verified by Sporcle

Score 0/20 Timer 04:00
0 Plays Today
(Row,Column) Player % Correct
(1,3)Justin Verlander
96.3%
(1,2)Felix Hernandez
95.7%
(2,2)Roy Oswalt
92.8%
(4,5)Johan Santana
89.9%
(4,4)Zack Greinke
86.8%
(3,2)Ubaldo Jimenez
86.5%
(2,5)CC Sabathia
85.1%
(3,4)Tim Lincecum
83%
(3,1)Jon Lester
79.6%
(2,4)David Price
78.7%
(Row,Column) Player % Correct
(2,1)Ervin Santana
74.7%
(2,3)Cliff Lee
72.7%
(3,3)Roy Halladay
72.7%
(3,5)Tim Hudson
62.4%
(4,3)Johnny Cueto
59.5%
(4,2)Chad Billingsley
52.3%
(1,5)Mat Latos
46%
(1,1)Adam Wainwright
27.3%
(4,1)Carl Pavano
12.9%
(1,4)Ryan Dempster
4.3%

You're not logged in!

Compare scores with friends on all Sporcle quizzes.
OR
Log In

Sporcle TV

Today on Sporcle TV


Watch our educational content, quiz creation guides, and fun videos on Sporcle TV.

Show Comments

Extras

Top Quizzes Today


Score Distribution

Your Account Isn't Verified!

In order to create a playlist on Sporcle, you need to verify the email address you used during registration. Go to your Sporcle Settings to finish the process.

Report this User

Report this user for behavior that violates our Community Guidelines.

Details: